| 000 | 01250nam a22004097a 4500 | ||
|---|---|---|---|
| 001 | 0058389 | ||
| 003 | KOHA_MİRAKIL | ||
| 005 | 20260207004152.0 | ||
| 007 | ta | ||
| 008 | 160613b2002 tu a|||gr||||#||||0|tur | | ||
| 020 | _a9754046476 | ||
| 040 |
_aTR-BiSEU _btur _cTR-BiSEU _erda |
||
| 041 | 0 | _atur | |
| 044 | _ctu | ||
| 050 |
_aRS160 _b.C83 2002 |
||
| 100 | 1 | _aÇubukçu, Bayhan. | |
| 245 | 1 |
_aFitoterapi yardımcı ders kitabı/ _cBayhan Çubukçu ; Bayhan Çubukçu, Ali H. Meriçli, Afife Mat, Günay Sarıyar, Nurhayat Sütlüpınar, Filiz Meriçli.. |
|
| 264 | 1 |
_aİstanbul : _bİ.Ü. Eczacılık Fakültesi _c2002 |
|
| 300 |
_aV, 207 sayfa : _bresim ; _c23 cm. |
||
| 336 |
_ametin _btxt _2rdacontent |
||
| 337 |
_aaracısız _bn _2rdamedia |
||
| 338 |
_acilt _bnc _2rdacarrier |
||
| 490 | 1 |
_aÜniversite yayın ; _vno. |
|
| 490 | 1 | _a4311. | |
| 490 | 1 | _aEczacılık Fak. | |
| 490 | 1 |
_ayayın ; _vno. |
|
| 490 | 1 | _a79 | |
| 500 | _ae.y.u.p.YK2 | ||
| 650 | 0 |
_aFarmakognozi. _9106870 |
|
| 650 | 0 |
_aŞifalı bitkiler. _95349 |
|
| 830 | 1 |
_aÜniversite yayın ; _vno. _91626 |
|
| 830 | 1 |
_a4311. _9108102 |
|
| 830 | 1 |
_aEczacılık Fak. _9108103 |
|
| 830 | 1 |
_ayayın ; _vno. _95544 |
|
| 830 | 1 |
_a79 _97849 |
|
| 942 |
_2lcc _cBK |
||
| 999 |
_c58193 _d58193 |
||